Ethics of Aristotle. (Record no. 1705)
[ view plain ]
| 000 -LEADER | |
|---|---|
| fixed length control field | 00558nam a2200241 a 4500 |
| 020 ## - INTERNATIONAL STANDARD BOOK NUMBER | |
| ISBN | |
| 082 00 - DEWEY DECIMAL CLASSIFICATION NUMBER | |
| Classification number | 170 |
| Author Cutter | THO |
| 100 ## - MAIN ENTRY--AUTHOR NAME | |
| Author name | Thomson, J S K |
| 245 ## - TITLE STATEMENT | |
| Title | Ethics of Aristotle. |
| 260 ## - PUBLICATION, DISTRIBUTION, ETC. (IMPRINT) | |
| Place of publication | Penguin |
| Name of publisher | Whitefriars Predd |
| Year of publication | 1961 |
| 300 ## - PHYSICAL DESCRIPTION | |
| Number of Pages | 316p |
| 500 ## - GENERAL NOTE | |
| General note | includes index and biblioraphy |
| 505 2# - FORMATTED CONTENTS NOTE | |
| Formatted contents note | bibliography |
| 650 ## - SUBJECT ADDED ENTRY--TOPICAL TERM | |
| Topical Term | Ethics |
| 942 ## - ADDED ENTRY ELEMENTS (KOHA) | |
| Koha item type | Books |
| 700 1# - | |
| -- | Thomson, J S K |
| Collection code | Home library | Current library | Date acquired | Cost, normal purchase price | Full call number | Accession Number | Koha item type |
|---|---|---|---|---|---|---|---|
| Henry Martyn Institute Library | Henry Martyn Institute Library | 05/24/2005 | 0.00 | 170 THO | 02208 | Books |
